National Assembly Library of Thailand

"สงครามประชาชน" บนถนนสายประชาธิปไตย / (ระเบียนเลขที่ 62209)

รายละเอียดในรูปแบบ MARC
000 -LEADER
fixed length control field 01301nam a22002897a 4500
003 - CONTROL NUMBER IDENTIFIER
control field NALT
005 - DATE AND TIME OF LATEST TRANSACTION
control field 20251125233057.0
008 - FIXED-LENGTH DATA ELEMENTS--GENERAL INFORMATION
fixed length control field s2553 th tha d
020 ## - INTERNATIONAL STANDARD BOOK NUMBER
International Standard Book Number 9789746037426
040 ## - CATALOGING SOURCE
Original cataloging agency NALT
041 ## - LANGUAGE CODE
Language code of text/sound track or separate title tha
050 ## - LIBRARY OF CONGRESS CALL NUMBER
Classification number JQ 1745.A5
Item number ท234ส 2553
100 0# - MAIN ENTRY--PERSONAL NAME
Personal name ทศ คณนาพร.
9 (RLIN) 46886
245 10 - TITLE STATEMENT
Title "สงครามประชาชน" บนถนนสายประชาธิปไตย /
Statement of responsibility, etc. ทศ คณนาพร .
260 ## - PUBLICATION, DISTRIBUTION, ETC.
Place of publication, distribution, etc. กรุงเทพฯ :
Name of publisher, distributor, etc. แฮปปี้บุ๊ค,
Date of publication, distribution, etc. 2553.
300 ## - PHYSICAL DESCRIPTION
Extent 216 หน้า :
Other physical details ภาพประกอบ ;
Dimensions 21 ซม.
650 #4 - SUBJECT ADDED ENTRY--TOPICAL TERM
Topical term or geographic name entry element รัฐประหาร
9 (RLIN) 197
Geographic subdivision ไทย
650 #4 - SUBJECT ADDED ENTRY--TOPICAL TERM
Topical term or geographic name entry element กบฏ
9 (RLIN) 23180
Geographic subdivision ไทย
650 #4 - SUBJECT ADDED ENTRY--TOPICAL TERM
Topical term or geographic name entry element กบฏ ร.ศ.130
9 (RLIN) 46943
651 #4 - SUBJECT ADDED ENTRY--GEOGRAPHIC NAME
9 (RLIN) 3099
Geographic name ไทย
General subdivision การเมืองและการปกครอง
-- รวมเรื่อง
653 #4 - INDEX TERM--UNCONTROLLED
Uncontrolled term เหตุการณ์ 6 ตุลาคม 2519
653 #4 - INDEX TERM--UNCONTROLLED
Uncontrolled term การชุมนุมประท้วง
850 ## - HOLDING INSTITUTION
Holding institution NALT
856 40 - ELECTRONIC LOCATION AND ACCESS
Uniform Resource Identifier <a href="https://hdl.handle.net/20.500.14156/338171">https://hdl.handle.net/20.500.14156/338171</a>
942 ## - ADDED ENTRY ELEMENTS (KOHA)
Koha item type General Book
Source of classification or shelving scheme Library of Congress Classification
998 ## - STAFF NAME (NALT)
-- 1020
-- นางจำเรียง ระวังสำโรง
รายการที่มีในห้องสมุด
Withdrawn status Lost status Damaged status Not for loan Collection code Home library Current library Source of acquisition Total Checkouts Full call number Barcode Date last seen Copy number Price effective from Koha item type Source of classification or shelving scheme Shelving location Date acquired Total Renewals Date last checked out
  Lost     General Book collection National Assembly Library of Thailand National Assembly Library of Thailand จัดซื้อทรัพยากร   JQ 1745.A5 ท234ส 2553 3961183475 09/06/2017 ฉ. 3 09/06/2017 General Book          
        General Book collection National Assembly Library of Thailand National Assembly Library of Thailand จัดซื้อทรัพยากร   JQ 1745.A5 ท234ส 2553 3961183476 16/11/2017 ฉ.2 09/06/2017 General Book Library of Congress Classification General Book shelves 30/03/2022    
        General Book collection National Assembly Library of Thailand National Assembly Library of Thailand จัดซื้อทรัพยากร 2 JQ 1745.A5 ท234ส 2553 3961183477 23/08/2023 ฉ.1 09/06/2017 General Book Library of Congress Classification General Book shelves 30/03/2022 1 09/08/2023
หอสมุดรัฐสภา
สำนักงานเลขาธิการสภาผู้แทนราษฎร เลขที่ 1111 ถนนสามเสน แขวงถนนนครไชยศรี เขตดุสิต กรุงเทพฯ 10300
The Secretariat of the House of Representatives 1111 Samsen Road, Thanon Nakhon Chai Si, Dusit, Bangkok 10300, THAILAND
โทรศัพท์: +66(0) 2242 5900 ต่อ 5714-5 โทรสาร: +66(0) 2242 5990 อีเมล: [email protected]